000 00295nam a2200133Ia 4500
005 20251222141926.0
008 251222s9999||||xx |||||||||||||| ||spa||
020 _a84-206-3819-6
082 _a869.813/B42C
100 _aBenedetti, Mario
245 0 _aCuentos
264 _bAlianza
942 _cLIB
999 _c8863
_d8863